000 00538nam a2200193Ia 4500
003 GCL
008 140319s9999 xx 000 0 ara d
040 _aGCL /
_cGCL
082 0 4 _a81.008
_bا ا
100 1 _aابراهيم طعيمة
245 1 0 _aاغانى الوهم /
_cابراهيم طعيمة
260 _a[S.N] :
_bدار الشباب للنشر ،
_c1986
300 _a303 ص
490 _a
650 0 4 _aالشعر العربى
650 0 4 _aالادب العربى
650 0 4 _aالمجموعات
942 _2ddc
_cBK
999 _c36151
_d36151